Después de la revolución: democratización y cambio social en Centroamérica /
Este artículo abre una reflexión sobre los procesos revolucionarios centroamericanos que se iniciaron en la década de 1960 y culminaron treinta años después, en elecciones democráticas. Desde una amplia perspectiva, que abarca un análisis económico y social de las condiciones que determinaron tanto...
Guardat en:
| Autor principal: | |
|---|---|
| Format: | Text |
| Matèries: | |
| Etiquetes: |
Afegir etiqueta
Sense etiquetes, Sigues el primer a etiquetar aquest registre!
|
MARC
| LEADER | 00000 a a2200000 04500 | ||
|---|---|---|---|
| 001 | 16493 | ||
| 003 | |||
| 040 | |||
| 100 | |a Vilas, Carlos M | ||
| 245 | |a Después de la revolución: |b democratización y cambio social en Centroamérica / |c Carlos M Vilas | ||
| 520 | |a Este artículo abre una reflexión sobre los procesos revolucionarios centroamericanos que se iniciaron en la década de 1960 y culminaron treinta años después, en elecciones democráticas. Desde una amplia perspectiva, que abarca un análisis económico y social de las condiciones que determinaron tanto el estallido de los movimientos guerrilleros como su pacificación y ulterior conversión en proyectos políticos y electorales, el autor plantea la paradoja de una situación histórica en que la vía de las armas se presentaba como necesaria, pero sus resultados después de tanto tiempo de pérdidas económicas, sociales y humanas, no parecen justificar los medios. REV//jmml | ||
| 650 | |a CRISIS | ||
| 650 | |a CENTROAMERICA | ||
| 650 | |a DEMOCRACIA | ||
| 650 | |a CAMBIO SOCIAL | ||
| 650 | |a REVOLUCION | ||
| 650 | |a ELECCIONES | ||
| 650 | |a GUERRILLA | ||
| 650 | |a GUERRA CIVIL | ||
| 650 | |a PARTIDOS POLITICOS | ||
| 650 | |a POBLACION | ||
| 650 | |a SECTOR PRIVADO | ||
| 773 | |g volumen 54, número 3; páginas 3-44 | ||
| 999 | |c 35328 |d 35328 | ||
